Normal view
MARC view
- Moffat,Chris
Entry Personal Name
001 - CONTROL NUMBER
- control field: 120736
003 - CONTROL NUMBER IDENTIFIER
- control field: NUST
005 - DATE AND TIME OF LATEST TRANSACTION
- control field: 20240220095012.0
008 - FIXED-LENGTH DATA ELEMENTS
- fixed length control field: 240220|| aca||aabn | a|a d
040 ## - CATALOGING SOURCE
- Original cataloging agency: NUST
- Transcribing agency: NUST
100 ## - HEADING--PERSONAL NAME
- Personal name: Moffat,Chris
670 ## - SOURCE DATA FOUND
- Source citation: Work cat.: (NUST): Moffat,Chris, The Time of Building kamil Khan Mumtaz and Architecture in Pakistan/, 2023.
